00979nam a2200229 a 4500001001000000003000500010005001700015008004100032010001100073011001100084040000900095100003500104245019600139260004100335500006000376502009100436650004800527650005300575650002600628650002500654856007000679000113115CHAP20220329144339.0170425s2016 mx a fsm |||||||spa d a109576 a110548 cCHAP1 aDíaz López, Irving Gonzalo10aAnálisis de rentabilidad y ventaja comparativa de la producción de los cultivos de frijol y sorgo en el DDR :h[En línea]bAcaponeta, Nayarit, 2015 /cpor Irving Gonzalo Díaz López. aChapingo, Méx. :bEl autor,c2016. aPara ver el contenido del material haga clic en la liga aTesis (Lic. en Economía) -- UACH. División de Ciencias Económico-Administrativas14aCultivos asociadosxCostos de producción.14aCultivos asociadosxInnovaciones tecnológicas.14aFrijolzProducción.14aSorgoxProducción. aFinding aiduhttp://10.13.5.2/tesis/sist113115.pdfzTeclea aquí